[Event "Madrid ch 2001-2002 Final"]
[Site "Madrid ESP"]
[Date "2002.04.24"]
[Round "9.6"]
[White "Lopez Melgar, Enrique"]
[Black "Roa Alonso, Santiago"]
[Result "0-1"]
[WhiteElo "2193"]
[BlackElo "2415"]
[PlyCount "73"]
[EventDate "2002.04.15"]
[EventType "tourn"]
[EventRounds "11"]
[EventCountry "ESP"]
[Source "lmi"]
[SourceDate "2002.04.15"]

1. e4 c6 2. d4 d5 3. f3 dxe4 4. fxe4 e5 5. Nf3 Be6 6. c3 Nd7 7. Bd3 Qb6 8. O-O
exd4 9. cxd4 Ne5 10. Be3 Ng4 11. Qc1 O-O-O 12. Kh1 Nxe3 13. Qxe3 Nf6 14. b3 Ng4
15. Qe2 Rxd4 16. Nxd4 Qxd4 17. Nd2 Bc5 18. Nf3 Nf2+ 19. Rxf2 Qxf2 20. Qxf2 Bxf2
21. Ng5 Rd8 22. Bf1 Rd2 23. Nxe6 fxe6 24. Bc4 Kd7 25. a4 Kd6 26. g3 h5 27. Rf1
g5 28. Kg2 Bd4+ 29. Kh1 g4 30. Re1 Ke5 31. Rf1 a6 32. Re1 Rb2 33. h4 b5 34.
axb5 cxb5 35. Bd3 Rxb3 36. Rd1 Rxd3 37. Rxd3 0-1

[Event "Madrid ch 2001-2002 Final"]
[Site "Madrid ESP"]
[Date "2002.04.25"]
[Round "10.1"]
[White "Rodriguez Cordon, Luis Jose"]
[Black "Roa Alonso, Santiago"]
[Result "1/2-1/2"]
[WhiteElo "2165"]
[BlackElo "2415"]
[PlyCount "69"]
[EventDate "2002.04.15"]
[EventType "tourn"]
[EventRounds "11"]
[EventCountry "ESP"]
[Source "lmi"]
[SourceDate "2002.04.15"]

1. d4 d5 2. c4 dxc4 3. Nf3 Nf6 4. e3 e6 5. Bxc4 c5 6. O-O a6 7. a3 b5 8. Ba2
cxd4 9. exd4 Be7 10. Nc3 Bb7 11. Qe2 Nd5 12. Ne4 O-O 13. Re1 Nf6 14. Nc3 Nc6
15. Rd1 Qc7 16. Ne5 Rad8 17. Nf3 Rfe8 18. Bg5 Ng4 19. Be3 Bf8 20. Rac1 Qb8 21.
h3 Nxe3 22. fxe3 b4 23. axb4 Nxb4 24. Bb1 g6 25. Ne4 Bxe4 26. Bxe4 Rc8 27. Ne5
Bg7 28. Nd3 Nxd3 29. Bxd3 Rxc1 30. Rxc1 e5 31. d5 e4 32. Bxa6 Bh6 33. Bc4 Qb4
34. b3 Ra8 35. Kf2 1/2-1/2

[Event "Madrid ch 2001-2002 Final"]
[Site "Madrid ESP"]
[Date "2002.04.25"]
[Round "10.2"]
[White "Ballesteros Gonzalez, David"]
[Black "Lopez Melgar, Enrique"]
[Result "0-1"]
[WhiteElo "2277"]
[BlackElo "2193"]
[PlyCount "82"]
[EventDate "2002.04.15"]
[EventType "tourn"]
[EventRounds "11"]
[EventCountry "ESP"]
[Source "lmi"]
[SourceDate "2002.04.15"]

1. e4 c5 2. b3 Nc6 3. f4 d6 4. Bb5 e6 5. Bxc6+ bxc6 6. Bb2 d5 7. e5 Ne7 8. Nf3
Ba6 9. d3 Nf5 10. Qe2 Be7 11. O-O h5 12. Nbd2 Rb8 13. c4 h4 14. Rfe1 Rh6 15.
Nf1 d4 16. Bc1 Rg6 17. Ng5 Bc8 18. Qh5 Bxg5 19. fxg5 Qa5 20. Bd2 Qa3 21. Rab1
Ke7 22. g4 hxg3 23. hxg3 Qxa2 24. Ra1 Qxb3 25. g4 Qxd3 26. gxf5 Qxf5 27. Rxa7+
Bd7 28. Ra3 Rb2 29. Rf3 Qc2 30. Rc1 Qa4 31. Rf2 Rb3 32. Bf4 Qa3 33. Rcc2 Rh3
34. Qg4 Rd3 35. Ng3 f5 36. exf6+ gxf6 37. Ne4 f5 38. Bd6+ Kd8 39. Qh5 fxe4 40.
Qxg6 Rg3+ 41. Kh1 Qa1+ 0-1

[Event "Madrid ch 2001-2002 Final"]
[Site "Madrid ESP"]
[Date "2002.04.25"]
[Round "10.3"]
[White "Barez Menendez, Hector"]
[Black "Solaesa Navalpotro, Luis Julio"]
[Result "0-1"]
[WhiteElo "2198"]
[BlackElo "2176"]
[PlyCount "84"]
[EventDate "2002.04.15"]
[EventType "tourn"]
[EventRounds "11"]
[EventCountry "ESP"]
[Source "lmi"]
[SourceDate "2002.04.15"]

1. Nf3 Nf6 2. c4 c5 3. g3 b6 4. Bg2 Bb7 5. O-O g6 6. d4 cxd4 7. Nxd4 Bxg2 8.
Kxg2 Qc7 9. b3 Bg7 10. Nc3 Qb7+ 11. f3 O-O 12. e4 d6 13. Bb2 Nc6 14. Nc2 a6 15.
Qe2 Rab8 16. Ne3 Ne5 17. Ncd5 e6 18. Nxf6+ Bxf6 19. Rad1 Rfd8 20. Rd2 b5 21.
Rfd1 Qc6 22. cxb5 axb5 23. Nc2 Qc7 24. Nb4 Ra8 25. Rc2 Qb7 26. Rdc1 Rd7 27. h3
Be7 28. f4 d5 29. a3 Bxb4 30. axb4 d4 31. Rd2 Nc6 32. Rc5 Rb8 33. Qf3 Nxb4 34.
Rxd4 Rbd8 35. Qe3 e5 36. Rxd7 Qxd7 37. Bxe5 Qd1 38. g4 f6 39. Bc3 Qc2+ 40. Kg3
Rd3 41. Rc8+ Kf7 42. Rc7+ Ke8 0-1

[Event "Madrid ch 2001-2002 Final"]
[Site "Madrid ESP"]
[Date "2002.04.25"]
[Round "10.4"]
[White "Cortes Jurado, Rafael"]
[Black "Lopez de Turiso, Jose Angel"]
[Result "0-1"]
[WhiteElo "2142"]
[BlackElo "2115"]
[PlyCount "206"]
[EventDate "2002.04.15"]
[EventType "tourn"]
[EventRounds "11"]
[EventCountry "ESP"]
[Source "lmi"]
[SourceDate "2002.04.15"]

1. e4 e5 2. Nf3 Nc6 3. Nc3 Nf6 4. d4 exd4 5. Nxd4 Bc5 6. Be3 Bb6 7. Bc4 d6 8.
Nxc6 bxc6 9. Bg5 h6 10. Bh4 Qe7 11. O-O a5 12. Qd3 g5 13. Bg3 Nd7 14. e5 d5 15.
Nxd5 cxd5 16. Bxd5 Ba6 17. c4 O-O-O 18. Qf5 Rhf8 19. Rab1 Kb8 20. b4 axb4 21.
Rb3 Bc8 22. Qb1 Nxe5 23. Rxb4 f6 24. Re1 Rfe8 25. Rxe5 fxe5 26. Bxe5 Qxb4 27.
Bxc7+ Kxc7 28. Qxb4 Bb7 29. c5 Bxd5 30. Qxb6+ Kc8 31. h3 Re6 32. Qa5 Bb7 33.
Qc3 h5 34. Qg7 Be4 35. Qa7 Bb7 36. Qa3 Rd1+ 37. Kh2 h4 38. c6 Bxc6 39. Qf8+ Kc7
40. Qf7+ Kd6 41. Qf8+ Ke5 42. Qg7+ Kf5 43. Qf8+ Rf6 44. Qc8+ Rd7 45. Qg8 Rff7
46. Qc8 Bb7 47. Qc5+ Kg6 48. Qc2+ Kh6 49. Qb2 Rg7 50. Qf6+ Kh5 51. Qf8 Rdf7 52.
Qh8+ Kg6 53. Qe8 Kh7 54. Qe2 Re7 55. Qh5+ Kg8 56. Qh6 Be4 57. Qb6 Kh7 58. Qf6
Ra7 59. Qd4 Bg6 60. Qd5 Kh6 61. Qe6 Ra5 62. Qc4 Rga7 63. Qg8 Rxa2 64. Qh8+ Rh7
65. Qf8+ Rg7 66. Qh8+ Bh7 67. Qf8 Raa7 68. Qf6+ Rg6 69. Qf8+ Rag7 70. Qf5 Bg8
71. Qf8 Kh7 72. Qf5 Rf7 73. Qc2 Kh6 74. Qb2 Rgf6 75. f3 Bh7 76. Qd4 Kg6 77.
Qd3+ Kg7 78. Qd4 Rc7 79. Qe5 Rc2 80. Qxg5+ Bg6 81. Qxh4 Rxf3 82. Qe7+ Rf7 83.
Qe5+ Kh7 84. Qd4 Rff2 85. Qh4+ Kg7 86. Qe7+ Bf7 87. Qg5+ Kf8 88. Qd8+ Be8 89.
Qd6+ Kf7 90. Qd5+ Ke7 91. Qe5+ Kd7 92. Qd5+ Kc7 93. Qe5+ Kd8 94. Qd5+ Bd7 95.
Qg5+ Kc7 96. Qe5+ Kb7 97. Qg7 Kc6 98. Qg6+ Kb5 99. Qg5+ Kb6 100. Qg6+ Bc6 101.
Qxc2 Rxc2 102. Kg3 Rxg2+ 103. Kh4 Bd7 0-1

[Event "Madrid ch 2001-2002 Final"]
[Site "Madrid ESP"]
[Date "2002.04.25"]
[Round "10.5"]
[White "Paredes Sanchez, Juan"]
[Black "Estrada Martinez, Cesar"]
[Result "0-1"]
[WhiteElo "2052"]
[BlackElo "2186"]
[PlyCount "24"]
[EventDate "2002.04.15"]
[EventType "tourn"]
[EventRounds "11"]
[EventCountry "ESP"]
[Source "lmi"]
[SourceDate "2002.04.15"]

1. e4 c5 2. Nf3 g6 3. h4 h5 4. d4 cxd4 5. Bc4 Bg7 6. c3 d3 7. Qxd3 Nf6 8. Ng5
e6 9. e5 Ng4 10. f4 Qb6 11. Ne4 O-O 12. Qd4 d5 0-1

[Event "Madrid ch 2001-2002 Final"]
[Site "Madrid ESP"]
[Date "2002.04.25"]
[Round "10.6"]
[White "Morales, John Alexander"]
[Black "Moreno Ruiz, Javier"]
[Result "1-0"]
[WhiteElo "2310"]
[BlackElo "2415"]
[PlyCount "97"]
[EventDate "2002.04.15"]
[EventType "tourn"]
[EventRounds "11"]
[EventCountry "ESP"]
[Source "lmi"]
[SourceDate "2002.04.15"]

1. e4 e6 2. d4 d5 3. Nc3 Bb4 4. e5 c5 5. a3 Bxc3+ 6. bxc3 Ne7 7. Nf3 Qa5 8. Bd2
Nbc6 9. a4 Bd7 10. Bb5 Qc7 11. O-O O-O 12. Re1 b6 13. Bd3 h6 14. Qc1 c4 15. Bf1
f6 16. exf6 Rxf6 17. Ne5 Nxe5 18. Rxe5 Raf8 19. Re2 Nc6 20. Qe1 Re8 21. g3 Na5
22. Bg2 Bc6 23. Qc1 Qd7 24. Qa3 Nb7 25. Bf4 Kh7 26. Be5 Rf7 27. f4 Rd8 28. Bh3
Re8 29. Bg4 g6 30. h4 h5 31. Bh3 Rd8 32. Kh2 Rdf8 33. Rg2 Rd8 34. g4 hxg4 35.
Rxg4 Rf5 36. Rag1 Rg8 37. Rg5 Rxg5 38. Rxg5 Bxa4 39. Qc1 Nd6 40. h5 Nf5 41. Qd1
Nh6 42. hxg6+ Rxg6 43. Rxg6 Kxg6 44. Qg1+ Kh7 45. Bxe6 Qe7 46. Qg5 Qxg5 47.
fxg5 Bxc2 48. gxh6 Be4 49. Bc7 1-0

[Event "Madrid ch 2001-2002 Final"]
[Site "Madrid ESP"]
[Date "2002.04.26"]
[Round "11.2"]
[White "Estrada Martinez, Cesar"]
[Black "Morales, John Alexander"]
[Result "0-1"]
[WhiteElo "2186"]
[BlackElo "2310"]
[PlyCount "130"]
[EventDate "2002.04.15"]
[EventType "tourn"]
[EventRounds "11"]
[EventCountry "ESP"]
[Source "lmi"]
[SourceDate "2002.04.15"]

1. Nf3 Nf6 2. c4 b6 3. g3 Bb7 4. Bg2 c5 5. Nc3 e6 6. O-O Be7 7. d4 cxd4 8. Nxd4
Bxg2 9. Kxg2 Qc7 10. b3 d6 11. Bb2 a6 12. Qd2 Qb7+ 13. Kg1 Nbd7 14. Nf3 O-O 15.
Rfd1 b5 16. cxb5 axb5 17. Nd4 b4 18. Na4 Rfc8 19. Rdc1 d5 20. Rxc8+ Rxc8 21.
Rc1 Nc5 22. Nxc5 Rxc5 23. Rxc5 Bxc5 24. e3 h6 25. Qc2 Qa7 26. Ba1 Nd7 27. Nf3
Qa6 28. Ne5 Nxe5 29. Bxe5 Qb5 30. Bd4 Bxd4 31. Qc8+ Kh7 32. Qc2+ g6 33. exd4
Kg7 34. Qd2 f6 35. f4 Kf7 36. Kf2 Ke7 37. f5 g5 38. fxe6 Kxe6 39. Qe3+ Kf7 40.
Qd2 Qb6 41. Qd3 Kg7 42. Qe3 Qd6 43. Qc1 Qa6 44. Qd2 Qd6 45. Qe3 Qc7 46. Qd2 Qe7
47. Qc2 Qe4 48. Qc5 Kg6 49. Qxb4 Qc2+ 50. Kg1 Qb1+ 51. Kf2 Qxa2+ 52. Kg1 Qb1+
53. Kg2 Qc2+ 54. Kg1 Kf5 55. Qb6 Qc1+ 56. Kg2 Qd2+ 57. Kg1 Qd1+ 58. Kg2 Qd2+
59. Kg1 Ke4 60. Qe6+ Kxd4 61. Qxf6+ Kd3 62. Qa6+ Kc2 63. Qa2+ Kd1 64. Qxd2+
Kxd2 65. b4 Ke2 0-1

[Event "Madrid ch 2001-2002 Final"]
[Site "Madrid ESP"]
[Date "2002.04.26"]
[Round "11.3"]
[White "Lopez de Turiso, Jose Angel"]
[Black "Paredes Sanchez, Juan"]
[Result "1/2-1/2"]
[WhiteElo "2115"]
[BlackElo "2052"]
[PlyCount "75"]
[EventDate "2002.04.15"]
[EventType "tourn"]
[EventRounds "11"]
[EventCountry "ESP"]
[Source "lmi"]
[SourceDate "2002.04.15"]

1. d4 Nf6 2. c4 g6 3. Nc3 Bg7 4. e4 d6 5. f4 c5 6. dxc5 Qa5 7. Bd3 Nfd7 8. Bd2
Nxc5 9. Bc2 Nc6 10. Nd5 Qd8 11. b4 Nd7 12. Rb1 O-O 13. Bc3 Bxc3+ 14. Nxc3 Nb6
15. Qd3 a5 16. a3 axb4 17. axb4 e5 18. f5 gxf5 19. exf5 Qh4+ 20. Qg3+ Qxg3+ 21.
hxg3 Nd4 22. Be4 Bxf5 23. c5 Nc4 24. g4 Bxe4 25. Nxe4 f5 26. gxf5 Rxf5 27. Nxd6
Nxd6 28. cxd6 Rd8 29. Rc1 Nb5 30. Nf3 Nxd6 31. Rh6 e4 32. Nd4 Rf7 33. Rc3 Kg7
34. Rch3 Kh8 35. Rc3 Rc8 36. Rxc8+ Nxc8 37. Re6 Re7 38. Ke2 1/2-1/2

[Event "Madrid ch 2001-2002 Final"]
[Site "Madrid ESP"]
[Date "2002.04.26"]
[Round "11.4"]
[White "Solaesa Navalpotro, Luis Julio"]
[Black "Cortes Jurado, Rafael"]
[Result "1-0"]
[WhiteElo "2176"]
[BlackElo "2142"]
[PlyCount "81"]
[EventDate "2002.04.15"]
[EventType "tourn"]
[EventRounds "11"]
[EventCountry "ESP"]
[Source "lmi"]
[SourceDate "2002.04.15"]

1. d4 Nf6 2. Bg5 Ne4 3. Bf4 c5 4. f3 Qa5+ 5. c3 Nf6 6. Nd2 cxd4 7. Nb3 Qb6 8.
Qxd4 Nc6 9. Qxb6 axb6 10. Nd4 Nxd4 11. cxd4 d5 12. e3 Bd7 13. g4 g6 14. Bd3 Bg7
15. Ne2 Bc6 16. Nc3 h5 17. g5 Nd7 18. Bg3 e5 19. Bf2 exd4 20. exd4 Nf8 21. h4
Ne6 22. Ne2 Ra4 23. Bc2 Ra8 24. f4 Bb5 25. f5 gxf5 26. Nc3 Bc4 27. O-O-O Rc8
28. Rh3 O-O 29. b3 Nf4 30. Re3 Ba6 31. Kb2 Rfe8 32. Bxf5 Ne6 33. Nxd5 Rc5 34.
Bxe6 Rxe6 35. Rxe6 fxe6 36. Nf4 Rf5 37. Be3 e5 38. Nxh5 Be2 39. Nxg7 Kxg7 40.
Rd2 Bg4 41. dxe5 1-0

[Event "Madrid ch 2001-2002 Final"]
[Site "Madrid ESP"]
[Date "2002.04.26"]
[Round "11.5"]
[White "Lopez Melgar, Enrique"]
[Black "Barez Menendez, Hector"]
[Result "0-1"]
[WhiteElo "2193"]
[BlackElo "2198"]
[PlyCount "64"]
[EventDate "2002.04.15"]
[EventType "tourn"]
[EventRounds "11"]
[EventCountry "ESP"]
[Source "lmi"]
[SourceDate "2002.04.15"]

1. e4 d6 2. d4 Nf6 3. Nc3 e5 4. Nf3 Nbd7 5. Bc4 Be7 6. Be3 O-O 7. h3 c6 8. O-O
b5 9. Bd3 b4 10. Ne2 Bb7 11. Ng3 Re8 12. c3 bxc3 13. bxc3 h6 14. Nf5 Bf8 15.
Qc2 d5 16. dxe5 dxe4 17. Bxe4 Nxe5 18. Rfd1 Qc7 19. Rab1 Nc4 20. Bd3 Nxe3 21.
Nxe3 c5 22. Nd2 Bd6 23. Ndc4 Bh2+ 24. Kh1 Bf4 25. Na5 Bc8 26. Nec4 Be6 27. Rb7
Qc8 28. Kg1 Bxh3 29. Be2 Qe6 30. Bf1 Bf5 31. Qa4 Be4 32. Rb5 Qg4 0-1

[Event "Madrid ch 2001-2002 Final"]
[Site "Madrid ESP"]
[Date "2002.04.26"]
[Round "11.6"]
[White "Roa Alonso, Santiago"]
[Black "Ballesteros Gonzalez, David"]
[Result "1-0"]
[WhiteElo "2415"]
[BlackElo "2277"]
[PlyCount "95"]
[EventDate "2002.04.15"]
[EventType "tourn"]
[EventRounds "11"]
[EventCountry "ESP"]
[Source "lmi"]
[SourceDate "2002.04.15"]

1. e4 g6 2. d4 d6 3. Nc3 c6 4. Bc4 Nf6 5. Bb3 Bg7 6. Nf3 O-O 7. a4 Bg4 8. h3
Bxf3 9. Qxf3 e5 10. dxe5 dxe5 11. Bg5 Nbd7 12. O-O-O Qe7 13. Rxd7 Qxd7 14. Bxf6
Qd6 15. Bxg7 Kxg7 16. Rd1 Qe7 17. Qe3 b6 18. g3 Rad8 19. f4 Rxd1+ 20. Nxd1 Rd8
21. Nf2 f6 22. Qc3 Qd6 23. Nd3 Qd4 24. Qxd4 Rxd4 25. Nf2 h5 26. h4 a5 27. c3
Rd8 28. Kc2 exf4 29. gxf4 Re8 30. Kd3 Kh6 31. Nh3 Rd8+ 32. Ke3 Re8 33. Bc4 Re7
34. b4 axb4 35. cxb4 Ra7 36. Bb3 Re7 37. Bc2 Re8 38. Ng1 g5 39. hxg5+ fxg5 40.
Nf3 g4 41. Nh4 Rh8 42. e5 Kg7 43. f5 Re8 44. f6+ Kf8 45. Kf4 g3 46. Bb3 Rd8 47.
Ng6+ Ke8 48. f7+ 1-0